Visualizzazione normale
Vista MARC
- Zizioulas, Jean,
di Personal Name
Records bibliografici associati: 1
001 - CONTROL NUMBER
- control field: 55358
003 - CONTROL NUMBER IDENTIFIER
- control field: IT-RoINE
005 - DATE AND TIME OF LATEST TRANSACTION
- control field: 20181211062155.0
008 - FIXED-LENGTH DATA ELEMENTS
- fixed length control field: 181211|| aca||aabn | a|a d
040 ## - CATALOGING SOURCE
- Original cataloging agency: IT-RoINE
- Transcribing agency: IT-RoINE
100 ## - HEADING--PERSONAL NAME
- Personal name: Zizioulas, Jean,
- Dates associated with a name: 1931-
670 ## - SOURCE DATA FOUND
- Source citation: Work cat.: (IT-RoINE)0: Zizioulas, Jean, 1931-, L'Église et ses institutions /, 2011.